00438nam a2200181Ia 4500003000400000005001700004008004100021020001900062040000700081041000800088082001300096100001800109245003900127260004800166300000900214650001400223700001900237OSt20250822150216.0250729s2003 xx 000 0 und d a978-8171417094 cAL aeng a375 EDIS aEdiger Marlow aSchool curriculum & administration aNew DelhibDiscovery Publishing Housec2003 a157p aEducation aRao Digumurthi